00490nam a2200157Ia 4500003000400000008004100004040001600045082001300061100002200074245011000096260004600206300001100252650002800263650002000291650002100311GCL140319s9999 xx 000 0 eng d aGCL / cGCL04a664bB P1 aBAILEY, JASEPH H.10aPHYSICAL CHEMISTRY OF FOOD PROCESSES ADVENCED TECHNQUES STRUCTURES AND APPLICATIONS / cBAILEY, JASEPH H. a[S.N] : bVAN NOSTRAND REINHOLD ، c1992 a604 P04aFOOD INDUSTRY AND TRADE04aQUALITY CONTROL04aFOOD COMPOSITION